Geophysical data in the Lutzow-Holm Bay Region and the Mizuho Plateau, Antarctica by Yare-21 /
Sábháilte in:
| Príomhchruthaitheoir: | |
|---|---|
| Údar corparáideach: | |
| Rannpháirtithe: | |
| Formáid: | LEABHAR |
| Teanga: | English |
| Foilsithe / Cruthaithe: |
Tokyo :
National Institute of Polar Research,
1986.
|
| Sraith: | JARE data reports ;
no. 119. JARE data reports. Earth science ; 3. |
| Ábhair: |
| LEADER | 01302nam a2200301 a 4500 | ||
|---|---|---|---|
| 001 | c000160224 | ||
| 003 | CARM | ||
| 005 | 20020226122035.0 | ||
| 008 | 870622s1986 ja b 000 0 eng d | ||
| 019 | 1 | |a 23380657 |5 LACONCORD2021 | |
| 035 | |a (OCoLC)219792222 |5 LACONCORD2021 | ||
| 040 | |a NSL:M |b eng |c NSL:M |d VU | ||
| 100 | 1 | |a Shibuya, Kazuo, |d 1913- | |
| 245 | 1 | 0 | |a Geophysical data in the Lutzow-Holm Bay Region and the Mizuho Plateau, Antarctica by Yare-21 / |c Kazuo Shibuya and Kiyoshi Ito. |
| 260 | |a Tokyo : |b National Institute of Polar Research, |c 1986. | ||
| 300 | |a 118 p. | ||
| 490 | 0 | |a JARE data reports, |x 0075-3343 ; |v no. 119. |a Earth science ; |v 3. | |
| 500 | |a Cover title. | ||
| 500 | |a At head of title: Japanese Antarctic Research Expedition. | ||
| 504 | |a Includes bibliographical references. | ||
| 650 | 0 | |a Geophysics |z Antarctica |z Queen Maud Land |x Observations. | |
| 700 | 1 | |a Itō, Kiyoshi, |d 1915- | |
| 710 | 2 | |a Nihon Nankyoku Chiiki Kansokutai. | |
| 830 | 0 | |a JARE data reports ; |v no. 119. | |
| 830 | 0 | |a JARE data reports. |p Earth science ; |v 3. | |
| 852 | 8 | |b CARM |h A2:AL22F0 |i C05310 |p 0211021 |f BK | |
| 999 | f | f | |i 89ac5eb2-69b8-589f-93da-3a28ea013d46 |s 9a942cde-a2a1-5e78-a506-b47b381d64e2 |
| 952 | f | f | |p Can circulate |a CAVAL |b CAVAL |c CAVAL |d CARM 1 Store |e C05310 |f A2:AL22F0 |h Other scheme |i book |m 0211021 |